[Event "BL2 Sued 1112 (Women)"]
[Site "Germany"]
[Date "2012.02.11"]
[Round "6.6"]
[White "Egli, Helen"]
[Black "Begeluri, Nino"]
[Result "0-1"]
[WhiteElo "1329"]
[BlackElo "1816"]
[PlyCount "52"]
[EventDate "2011.10.29"]
[EventType "team-tourn"]
[EventRounds "7"]
[EventCountry "GER"]
[SourceTitle "EXT 2013"]
[Source "ChessBase"]
[SourceDate "2012.11.22"]
[SourceVersion "1"]
[SourceVersionDate "2012.11.22"]
[SourceQuality "1"]
[WhiteTeam "Mutterstadt (W)"]
[BlackTeam "Hofheim (W)"]
[WhiteTeamCountry "GER"]
[BlackTeamCountry "GER"]

1. d4 d5 2. Nc3 c5 3. e3 e6 4. Nf3 Nc6 5. Be2 Nf6 6. 0-0 Bd6 7. Nb5 Be7 8. c4 0-0 9. Nc3 a6 10. b3 dxc4 11. Bxc4 b5 12. Be2 Qa5 13. Bb2 Rd8 14. Qc2 cxd4 15. Ne4 Nb4 16. Nxf6+ Bxf6 17. Qe4 Rb8 18. Bxd4 Bb7 19. Qg4 Bxf3 20. Bxf3 Bxd4 21. exd4 Nc2 22. Rad1 Rbc8 23. d5 exd5 24. Rxd5 Re8 25. h3 Qb4 26. Rd6 Qxd6 0-1

[Event "BL2 Sued 1112 (Women)"]
[Site "Germany"]
[Date "2011.10.30"]
[Round "2.6"]
[White "Lorenz, Oda"]
[Black "Begeluri, Nino"]
[Result "0-1"]
[WhiteElo "1870"]
[BlackElo "1816"]
[PlyCount "110"]
[EventDate "2011.10.29"]
[EventType "team-tourn"]
[EventRounds "7"]
[EventCountry "GER"]
[SourceTitle "EXT 2013"]
[Source "ChessBase"]
[SourceDate "2012.11.22"]
[SourceVersion "1"]
[SourceVersionDate "2012.11.22"]
[SourceQuality "1"]
[WhiteTeam "Augsburg (W)"]
[BlackTeam "Hofheim (W)"]
[WhiteTeamCountry "GER"]
[BlackTeamCountry "GER"]

1. e4 e5 2. Nf3 Nc6 3. Bb5 a6 4. Ba4 Nf6 5. 0-0 Bc5 6. c3 b5 7. Bc2 d5 8. exd5 Qxd5 9. Qe2 0-0 10. d3 Bg4 11. Bb3 Qd6 12. Nbd2 Rad8 13. Ne4 Nxe4 14. Qxe4 Qg6 15. Nh4 Qxe4 16. dxe4 Na5 17. Bc2 Nc4 18. h3 Be2 19. Re1 Bd3 20. Bxd3 Rxd3 21. Nf3 f6 22. b3 Nd6 23. Bb2 Rd8 24. Rad1 Nb7 25. Rxd3 Rxd3 26. Kf1 Kf7 27. Ke2 Rd7 28. Bc1 Nd8 29. Nd2 Ne6 30. g3 Bb6 31. b4 a5 32. a3 c5 33. Nf3 axb4 34. axb4 cxb4 35. cxb4 Nd4+ 36. Nxd4 Rxd4 37. Be3 Rxe4 38. Kd3 f5 39. Rb1 Bxe3 40. fxe3 Rc4 41. Rb2 h5 42. Rb1 h4 43. gxh4 Rxh4 44. Rf1 Kf6 45. Ra1 Rxb4 46. Ra7 Rh4 47. Rb7 Rxh3 48. Rxb5 f4 49. Ke2 Rxe3+ 50. Kf2 g5 51. Ra5 g4 52. Kg2 Re2+ 53. Kf1 f3 54. Ra4 Kf5 55. Rb4 e4 0-1

[Event "Karl Mala Memorial op 13th"]
[Site "Frankfurt"]
[Date "2010.07.11"]
[Round "6"]
[White "Begeluri, Nino"]
[Black "Goebel, Andreas"]
[Result "1/2-1/2"]
[WhiteElo "1767"]
[BlackElo "2040"]
[PlyCount "106"]
[EventDate "2010.07.08"]
[EventType "swiss"]
[EventRounds "7"]
[EventCountry "GER"]
[SourceTitle "EXT 2012"]
[Source "ChessBase"]
[SourceDate "2011.11.24"]
[SourceVersion "1"]
[SourceVersionDate "2011.11.24"]
[SourceQuality "1"]

1. e4 c5 2. Nf3 d6 3. d4 cxd4 4. Nxd4 Nf6 5. Nc3 g6 6. Bc4 Bg7 7. 0-0 0-0 8. Bb3 Nc6 9. Re1 Bd7 10. h3 Na5 11. Bg5 h6 12. Be3 Nxb3 13. axb3 a6 14. Qd2 Kh7 15. Rad1 Rc8 16. Nf3 Bc6 17. Qd3 Qc7 18. Nd4 Rfd8 19. Nxc6 Qxc6 20. Rd2 e6 21. Bd4 Rc7 22. Qe3 Rcd7 23. f3 b5 24. Ne2 d5 25. e5 Ng8 26. Nf4 Ne7 27. g4 Qb7 28. Nd3 Qc8 29. Bb6 Re8 30. Nc5 Nc6 31. Nxd7 Qxd7 32. Bd4 Bf8 33. Kh2 Rc8 34. Ra1 Qb7 35. f4 Nxd4 36. Qxd4 Rc6 37. c3 Bc5 38. Qd3 Qb6 39. Re2 a5 40. h4 Kg7 41. h5 b4 42. hxg6 fxg6 43. f5 exf5 44. gxf5 gxf5 45. Rg2+ Rg6 46. Qxf5 Rxg2+ 47. Kxg2 bxc3 48. bxc3 Qxb3 49. Qf6+ Kh7 50. Qf7+ Kh8 51. Qf6+ Kh7 52. Qf5+ Kg7 53. Qf6+ Kh7 1/2-1/2

[Event "Karl Mala Memorial op 13th"]
[Site "Frankfurt"]
[Date "2010.07.11"]
[Round "7"]
[White "Zimmermann, Hendrik"]
[Black "Begeluri, Nino"]
[Result "1/2-1/2"]
[WhiteElo "2082"]
[BlackElo "1767"]
[PlyCount "53"]
[EventDate "2010.07.08"]
[EventType "swiss"]
[EventRounds "7"]
[EventCountry "GER"]
[SourceTitle "EXT 2012"]
[Source "ChessBase"]
[SourceDate "2011.11.24"]
[SourceVersion "1"]
[SourceVersionDate "2011.11.24"]
[SourceQuality "1"]

1. d4 d5 2. c4 e6 3. Nf3 c5 4. cxd5 exd5 5. Nc3 Nc6 6. g3 Nf6 7. Bg2 Be7 8. 0-0 0-0 9. dxc5 Bxc5 10. Na4 Be7 11. b3 Re8 12. Bb2 Bf5 13. Rc1 Rc8 14. Nd4 Be6 15. Nc5 Nxd4 16. Qxd4 b6 17. Nxe6 fxe6 18. Rxc8 Qxc8 19. e4 Qc5 20. exd5 Qxd4 21. Bxd4 Nxd5 22. Re1 Kf7 23. f4 Nb4 24. Re2 Rc8 25. Bh3 Rc6 26. Kg2 Bf6 27. Bf2 1/2-1/2

[Event "Karl Mala Memorial op 13th"]
[Site "Frankfurt"]
[Date "2010.07.10"]
[Round "4"]
[White "Willems, Matthias"]
[Black "Begeluri, Nino"]
[Result "1/2-1/2"]
[WhiteElo "2071"]
[BlackElo "1767"]
[PlyCount "97"]
[EventDate "2010.07.08"]
[EventType "swiss"]
[EventRounds "7"]
[EventCountry "GER"]
[SourceTitle "EXT 2012"]
[Source "ChessBase"]
[SourceDate "2011.11.24"]
[SourceVersion "1"]
[SourceVersionDate "2011.11.24"]
[SourceQuality "1"]

1. Nf3 d5 2. c4 e6 3. g3 Nf6 4. Bg2 c5 5. 0-0 Nc6 6. cxd5 exd5 7. d4 Be7 8. b3 0-0 9. Bb2 Ne4 10. dxc5 Bf6 11. Bxf6 Qxf6 12. Na3 Nc3 13. Qd2 Re8 14. e3 Bg4 15. Nd4 Nxd4 16. exd4 Ne2+ 17. Kh1 Nxd4 18. Qf4 Qxf4 19. gxf4 Be2 20. Rfe1 Rad8 21. Rac1 Nc6 22. Bf1 Bxf1 23. Rxf1 a6 24. Rfd1 Nb4 25. Rd2 Re4 26. Rcd1 Rxf4 27. Nc4 Rd7 28. Nb6 Rd8 29. Nxd5 Nxd5 30. Rxd5 Rxd5 31. Rxd5 g6 32. Kg2 Rb4 33. Rd7 Rb5 34. Rc7 Kg7 35. Kf3 h6 36. Ke4 Kf6 37. Kd4 a5 38. c6 Rb4+ 39. Kc3 bxc6 40. Rxc6+ Ke7 41. Rc4 Rb5 42. Rh4 h5 43. Re4+ Kd7 44. h4 Rf5 45. f4 f6 46. a3 g5 47. fxg5 fxg5 48. hxg5 Rxg5 49. Kc4 1/2-1/2

[Event "Karl Mala Memorial op 13th"]
[Site "Frankfurt"]
[Date "2010.07.09"]
[Round "2"]
[White "Kuhn, Gerhard"]
[Black "Begeluri, Nino"]
[Result "1/2-1/2"]
[WhiteElo "2083"]
[BlackElo "1767"]
[PlyCount "128"]
[EventDate "2010.07.08"]
[EventType "swiss"]
[EventRounds "7"]
[EventCountry "GER"]
[SourceTitle "EXT 2012"]
[Source "ChessBase"]
[SourceDate "2011.11.24"]
[SourceVersion "1"]
[SourceVersionDate "2011.11.24"]
[SourceQuality "1"]

1. e4 e5 2. Nf3 Nc6 3. Nc3 Nf6 4. d4 exd4 5. Nd5 Be7 6. Bf4 d6 7. Nxd4 0-0 8. Nb5 Nxd5 9. exd5 Ne5 10. Be2 Bf6 11. c3 Re8 12. 0-0 Ng6 13. Bg3 a6 14. Na3 Bf5 15. Bd3 Qd7 16. Qc2 Bxd3 17. Qxd3 Ne5 18. Qd2 Qf5 19. Rad1 Re7 20. Rfe1 Rae8 21. Bxe5 Rxe5 22. Nc4 Bg5 23. Rxe5 Rxe5 24. Qd4 Qe4 25. Qxe4 Rxe4 26. b3 Re2 27. a4 Rc2 28. Re1 Kf8 29. Rb1 Rxc3 30. Kf1 Rd3 31. Na5 b6 32. Nc6 Rxd5 33. Nb4 Re5 34. Nxa6 c5 35. g3 Bf6 36. Rd1 Ke7 37. Nc7 Kd7 38. Nd5 Bd8 39. f4 Rh5 40. h4 Kc6 41. Ne3 Bc7 42. Kf2 d5 43. Kf3 d4 44. Kg4 g6 45. Nc4 Rd5 46. Na3 h5+ 47. Kf3 Rd6 48. Rd3 Re6 49. Nb5 Bb8 50. Kf2 f5 51. Na3 Re4 52. Nb5 Kb7 53. Na3 Ka6 54. Rf3 Re6 55. Rd3 Ka5 56. Rf3 Kb4 57. Nc2+ Ka5 58. Na3 Ka6 59. Rd3 Re4 60. Rf3 Kb7 61. Rd3 Kc6 62. Nb5 Kd5 63. Nc3+ Kc6 64. Nb5 Kb7 1/2-1/2

[Event "GER-ch U16 Girls"]
[Site "Willingen"]
[Date "2009.06.02"]
[Round "4"]
[White "Mueller, Alexandra"]
[Black "Begeluri, Nino"]
[Result "1/2-1/2"]
[WhiteElo "1561"]
[BlackElo "1776"]
[PlyCount "93"]
[EventDate "2009.05.30"]
[EventType "swiss"]
[EventRounds "9"]
[EventCountry "GER"]
[SourceTitle "EXT 2010"]
[Source "ChessBase"]
[SourceDate "2010.11.25"]
[SourceVersion "1"]
[SourceVersionDate "2010.11.25"]
[SourceQuality "1"]

1. e4 c5 2. Nf3 Nc6 3. d4 cxd4 4. Nxd4 e5 5. Nb5 d6 6. N1c3 a6 7. Na3 b5 8. Nd5 Be7 9. c4 b4 10. Nc2 a5 11. Be3 Rb8 12. b3 Nf6 13. Bd3 0-0 14. 0-0 Nd7 15. Kh1 Nc5 16. Qd2 f5 17. exf5 Nxd3 18. Qxd3 Bxf5 19. Qd2 Kh8 20. f3 Qe8 21. Bf2 Qg6 22. Nce3 Bg5 23. Rad1 Rbd8 24. Qe2 Nd4 25. Qb2 Bd3 26. Rg1 Ne2 27. Rge1 Nf4 28. Nxf4 Bxf4 29. Nd5 e4 30. Nxf4 Rxf4 31. Bg3 Rff8 32. fxe4 Bxe4 33. Kg1 Bc6 34. Rf1 Rxf1+ 35. Rxf1 Kg8 36. Be1 Qe4 37. Qf2 Qg6 38. Bd2 h6 39. Be3 Rb8 40. Bf4 Rf8 41. Qd2 Qf5 42. Qxd6 Qe4 43. Qd2 g5 44. Bg3 Rxf1+ 45. Kxf1 Qf5+ 46. Kg1 Qb1+ 47. Be1 1/2-1/2

[Event "Karl Mala Memorial op 11th"]
[Site "Frankfurt"]
[Date "2008.06.27"]
[Round "2"]
[White "Begeluri, Nino"]
[Black "Lahr, Markus"]
[Result "1-0"]
[WhiteElo "1664"]
[BlackElo "2041"]
[PlyCount "79"]
[EventDate "2008.06.26"]
[EventType "swiss"]
[EventRounds "7"]
[EventCountry "GER"]
[SourceTitle "CBM 125 Extra"]
[Source "ChessBase"]
[SourceDate "2008.09.01"]
[SourceVersion "1"]
[SourceVersionDate "2008.09.01"]
[SourceQuality "1"]

1. e4 e6 2. Nf3 d5 3. Nc3 Nf6 4. e5 Nfd7 5. d4 c5 6. dxc5 Bxc5 7. Bd3 Nc6 8. Bf4 f6 9. exf6 Nxf6 10. 0-0 0-0 11. Qd2 a6 12. Rae1 b5 13. Ng5 e5 14. Bxe5 Nxe5 15. Rxe5 Bd6 16. Ree1 h6 17. Ne6 Bxe6 18. Rxe6 Qc7 19. g3 Bb4 20. a3 Bxc3 21. bxc3 Rfc8 22. c4 dxc4 23. Bg6 Qc5 24. Rfe1 c3 25. Qd1 Qg5 26. Bd3 Rd8 27. Qf3 Qd5 28. Rxf6 gxf6 29. Re8+ Kf7 30. Qxd5+ Rxd5 31. Rxa8 Rd6 32. Rc8 a5 33. Bxb5 Rd1+ 34. Kg2 Ra1 35. Rxc3 Ke7 36. Rd3 Rc1 37. c4 Ke6 38. a4 Ke5 39. Rd5+ Ke6 40. Ba6 1-0

[Event "GER-ch U14 Girls"]
[Site "Willingen"]
[Date "2007.05.26"]
[Round "1"]
[White "Begeluri, Nino"]
[Black "Koelbl, Ines"]
[Result "1-0"]
[WhiteElo "1553"]
[BlackElo "1080"]
[PlyCount "119"]
[EventDate "2007.05.26"]
[EventType "swiss"]
[EventRounds "9"]
[EventCountry "GER"]
[SourceTitle "CBM 118 Extra"]
[Source "ChessBase"]
[SourceDate "2007.07.04"]
[SourceVersion "1"]
[SourceVersionDate "2007.07.04"]
[SourceQuality "1"]

1. e4 c6 2. d4 d5 3. e5 Bf5 4. Nc3 e6 5. Bd3 Bxd3 6. Qxd3 Qb6 7. Nf3 Qa6 8. Qxa6 bxa6 9. 0-0 Nd7 10. Be3 h5 11. Ne2 Ne7 12. Rac1 Nb6 13. b3 Nf5 14. c4 Rc8 15. c5 Nd7 16. Bd2 Be7 17. Rc2 0-0 18. Rb1 f6 19. Bc3 fxe5 20. Nxe5 Nxe5 21. dxe5 Bxc5 22. Ba5 Bb6 23. Bxb6 axb6 24. Rbc1 c5 25. Nf4 Nd4 26. Ng6 Nxc2 27. Nxf8 Kxf8 28. Rxc2 b5 29. Kf1 Ke7 30. Ke2 Kd7 31. Ke3 Ke7 32. Kf4 g6 33. Kg5 Kf7 34. Rc3 Kg7 35. b4 c4 36. Kf4 d4 37. Rc1 Rd8 38. Rd1 d3 39. Ke3 Rd5 40. f4 Kf7 41. Kd2 Kg7 42. Kc3 h4 43. g3 h3 44. a4 g5 45. axb5 axb5 46. Ra1 Kg6 47. fxg5 Rxe5 48. Ra2 Kxg5 49. Rf2 Re2 50. Rxe2 dxe2 51. Kd2 Kg4 52. Kxe2 c3 53. Kd3 Kf3 54. Kxc3 Kg2 55. g4 Kxh2 56. g5 Kg2 57. g6 h2 58. g7 h1Q 59. g8Q+ Kf3 60. Qa8+ 1-0

[Event "GER-ch U12"]
[Site "Willingen"]
[Date "2005.05.15"]
[Round "2"]
[White "Petermann, Michail"]
[Black "Begeluri, Nino"]
[Result "1-0"]
[WhiteElo "1551"]
[BlackElo "1167"]
[PlyCount "113"]
[EventDate "2005.05.14"]
[EventType "swiss"]
[EventRounds "11"]
[EventCountry "GER"]
[SourceTitle "CBM 106 Extra"]
[Source "ChessBase"]
[SourceDate "2005.07.01"]
[SourceVersion "1"]
[SourceVersionDate "2005.07.01"]
[SourceQuality "1"]

1. c4 Nf6 2. Nc3 d5 3. cxd5 Nxd5 4. Qa4+ Nc6 5. g3 e5 6. Bg2 Be6 7. Qb5 a6 8. Qa4 b5 9. Qb3 Ndb4 10. Qd1 Bd5 11. Nxd5 Nxd5 12. Qb3 Nce7 13. d3 Rb8 14. Bd2 g6 15. Rc1 Bg7 16. Nf3 0-0 17. 0-0 Nb6 18. Rc5 Na4 19. Rc2 Qd7 20. Qa3 c5 21. b3 e4 22. bxa4 exf3 23. Bxf3 bxa4 24. Bc3 Rfc8 25. Bxg7 Kxg7 26. Rfc1 Qh3 27. Rxc5 Rxc5 28. Qxc5 Rc8 29. Qe5+ Kh6 30. Qf4+ Kg7 31. Qe5+ Kh6 32. Rxc8 Nxc8 33. Qf4+ Kg7 34. Bg4 Qh6 35. Qxh6+ Kxh6 36. Bxc8 a5 37. a3 Kg7 38. Bd7 Kf6 39. Bxa4 Ke5 40. Bb5 f6 41. e3 h6 42. Kg2 g5 43. f4+ gxf4 44. gxf4+ Kd5 45. Kf3 f5 46. e4+ fxe4+ 47. dxe4+ Ke6 48. Bc4+ Kf6 49. e5+ Kf5 50. e6 Kf6 51. Ke4 Ke7 52. Ke5 Ke8 53. f5 h5 54. f6 h4 55. e7 h3 56. Ke6 a4 57. Bb5# 1-0

[Event "GER-chT U14 Girls"]
[Site "Dittrichshuette"]
[Date "2004.12.29"]
[Round "5.1"]
[White "Begeluri, Nino"]
[Black "Maser, Kim"]
[Result "1-0"]
[WhiteElo "1086"]
[BlackElo "1041"]
[PlyCount "72"]
[EventDate "2004.12.27"]
[EventType "team"]
[EventRounds "6"]
[EventCountry "GER"]
[SourceTitle "EXT 2006"]
[Source "ChessBase"]
[SourceDate "2005.11.24"]
[SourceVersion "1"]
[SourceVersionDate "2005.11.24"]
[SourceQuality "1"]

1. e4 e5 2. Nf3 Nc6 3. d4 exd4 4. Nxd4 Bc5 5. Be3 Nf6 6. Nxc6 dxc6 7. Qxd8+ Kxd8 8. Bxc5 Nxe4 9. Bd4 Rg8 10. Nc3 Nd6 11. Bd3 h6 12. 0-0 Be6 13. a3 Kd7 14. Rad1 a6 15. Bc5 b6 16. Bxd6 cxd6 17. b4 Rge8 18. a4 Ke7 19. b5 axb5 20. axb5 cxb5 21. Nxb5 Red8 22. Nc7 Rac8 23. Nxe6 Kxe6 24. Rfe1+ Kf6 25. f4 g6 26. Kf2 Kg7 27. Re7 Rc5 28. Rb7 Rc6 29. Be4 Rc4 30. Rxf7+ Kh8 31. Bxg6 Kg8 32. Bd3 Kxf7 33. Bxc4+ Kf6 34. g4 Kg7 35. Kg3 Rc8 36. Rd3 Rc5 1-0

[Event "GER-ch Lands U20"]
[Site "Kassel"]
[Date "2003.10.22"]
[Round "5.8"]
[White "Schmuklermann, Alexandra"]
[Black "Begeluri, Nino"]
[Result "0-1"]
[WhiteElo "846"]
[BlackElo "1125"]
[PlyCount "122"]
[EventDate "2003.10.19"]
[EventType "team"]
[EventRounds "7"]
[EventCountry "GER"]
[SourceTitle "EXT 2004"]
[Source "ChessBase"]
[SourceDate "2003.11.25"]
[SourceVersion "1"]
[SourceVersionDate "2003.11.25"]
[SourceQuality "1"]

1. e4 c5 2. Nf3 Nc6 3. Nc3 g6 4. Bc4 Bg7 5. 0-0 e6 6. d3 Nge7 7. Bg5 0-0 8. Qd2 a6 9. a4 f6 10. Bh6 d5 11. exd5 exd5 12. Bxd5+ Nxd5 13. Nxd5 Qxd5 14. c4 Qh5 15. Be3 b6 16. d4 cxd4 17. Nxd4 Nxd4 18. Qxd4 Rb8 19. Qd6 Rb7 20. Bxb6 Rd7 21. Qb4 Qg5 22. Qb3 Bb7 23. f3 Rd2 24. Rf2 Rxf2 25. Kxf2 Qd2+ 26. Kg1 Re8 27. Bf2 Bc6 28. h3 Re2 29. Rf1 Qxb2 30. Qxb2 Rxb2 31. a5 Rc2 32. c5 Bf8 33. Bd4 Bxc5 34. Bxc5 Rxc5 35. Ra1 Kf7 36. Ra3 h5 37. Kf2 f5 38. Ke3 Kf6 39. Kf4 g5+ 40. Ke3 Ke5 41. g4 hxg4 42. fxg4 fxg4 43. hxg4 Rc4 44. Rb3 Bb5 45. Kf3 Rf4+ 46. Kg3 Kd5 47. Rc3 Kd4 48. Rc7 Be2 49. Rc6 Rxg4+ 50. Kf2 Bb5 51. Kf3 Bxc6+ 52. Kxg4 Kc5 53. Kxg5 Kb5 54. Kf4 Kxa5 55. Ke3 Kb4 56. Kd2 Kb3 57. Kc1 Ka2 58. Kc2 a5 59. Kc1 a4 60. Kc2 Be4+ 61. Kd2 Kb2 0-1

[Event "GER-ch Lands U20"]
[Site "Kassel"]
[Date "2003.10.20"]
[Round "3.8"]
[White "Anton, Florian"]
[Black "Begeluri, Nino"]
[Result "0-1"]
[WhiteElo "890"]
[BlackElo "1125"]
[PlyCount "52"]
[EventDate "2003.10.19"]
[EventType "team"]
[EventRounds "7"]
[EventCountry "GER"]
[SourceTitle "EXT 2004"]
[Source "ChessBase"]
[SourceDate "2003.11.25"]
[SourceVersion "1"]
[SourceVersionDate "2003.11.25"]
[SourceQuality "1"]

1. e4 c5 2. Nf3 Nc6 3. d4 cxd4 4. Nxd4 e5 5. Nxc6 bxc6 6. Nc3 Nf6 7. Bg5 Bb4 8. Bc4 0-0 9. a3 Bxc3+ 10. bxc3 h6 11. Bh4 Qe7 12. 0-0 d6 13. Qe2 Be6 14. g3 g5 15. Bxg5 hxg5 16. Bd3 d5 17. Rae1 dxe4 18. Bxe4 Nxe4 19. Qxe4 Bd5 20. Qxe5 Qxe5 21. Rxe5 f6 22. Re7 Rfe8 23. Rfe1 Rxe7 24. Rxe7 Rb8 25. h3 Rb1+ 26. Kh2 Rh1# 0-1